Oclusión funcional: diseño de la sonrisa a partir de la ATM (Registro nro. 13858)

Detalles MARC
000 -Cabecera
Campo de control de longitud fija 00868nam a22003257a 4500
005 - Fecha y hora de la última transacción
Campo de control 20260128084626.0
008 - Elementos de longitud fija--Información general
Campo de control de longitud fija 260128b2020 |||||||| |||| 00| 0 spa d
020 ## - International Standard Book Number
Número Internacional Estándar del Libro (ISBN) 9789588328904
041 ## - Idioma
Código de idioma Español
082 ## - Clasificación Decimal Dewey
Número de clasificación 617.64 D272o
100 ## - Entrada principal--Autor personal
Nombre personal Dawson, Peter
245 ## - Título propiamente dicho
Título Oclusión funcional: diseño de la sonrisa a partir de la ATM
260 ## - Pie de imprenta
Lugar de publicación, distribución, etc. Colombia
260 ## - Pie de imprenta
Nombre del editor, distribuidor, etc. AMOLCA
260 ## - Pie de imprenta
Fecha de publicación, distribución, etc. 2020
300 ## - Descripción física
Extensión 630 páginas
300 ## - Descripción física
Otras características físicas Fotografías a color
490 ## - Serie
Título de la Serie Mecánica Dental
650 ## - Materia general
Temática (materia general) OCLUSIÓN
650 ## - Materia general
Temática (materia general) ENFERMEDAD OCLUSAL
650 ## - Materia general
Temática (materia general) ARTICULACIÓN TEMPOROMANDIBULAR
650 ## - Materia general
Temática (materia general) ARMONÍA FUNCIONAL
650 ## - Materia general
Temática (materia general) DISFUNCIÓN
650 ## - Materia general
Temática (materia general) TRASTORNOS OCLUSOMUSCULARES
650 ## - Materia general
Temática (materia general) TRASTORNOS INTRACAPSULARES
650 ## - Materia general
Temática (materia general) IMAGENOLOGÍA
650 ## - Materia general
Temática (materia general) BRUXISMO
650 ## - Materia general
Temática (materia general) RESTAURACIÓN OCLUSAL
942 ## - Punto de acceso adicional KOHA
Fuente del sistema de clasificación o colocación Dewey Decimal Classification
Tipo de ítem KOHA Libro
Existencias
Signatura completa Código de barras Programa Académico Tipo de ítem
617.64 D272o 26183 Mecánica Dental Libro